Pokémons de Kanto (1G) - Statistiques

Statistiques générales
  • Ce quiz a été pris 24 fois
  • Le résultat moyen est 118 sur 151
Statistiques - réponses
No. Pokémon % Correct
#023 Abo
100%
#024 Arbok
100%
#013 Aspicot
100%
#001 Bulbizarre
100%
#008 Carabaffe
100%
#007 Carapuce
100%
#010 Chenipan
100%
#011 Chrysacier
100%
#014 Coconfort
100%
#015 Dardargnan
100%
#006 Dracaufeu
100%
#003 Florizarre
100%
#002 Herbizarre
100%
#012 Papilusion
100%
#021 Piafabec
100%
#025 Pikachu
100%
#026 Raichu
100%
#022 Rapasdepic
100%
#019 Rattata
100%
#020 Rattatac
100%
#005 Reptincel
100%
#018 Roucarnage
100%
#016 Roucool
100%
#017 Roucoups
100%
#144 Artikodin
92%
#145 Électhor
92%
#038 Feunard
92%
#037 Goupix
92%
#151 Mew
92%
#150 Mewtwo
92%
#052 Miaouss
92%
#043 Mystherbe
92%
#044 Ortide
92%
#053 Persian
92%
#045 Rafflesia
92%
#004 Salamèche
92%
#009 Tortank
92%
#134 Aquali
85%
#059 Arcanin
85%
#070 Boustiflor
85%
#058 Caninos
85%
#069 Chétiflor
85%
#148 Draco
85%
#149 Dracolosse
85%
#125 Élektek
85%
#071 Empiflor
85%
#133 Évoli
85%
#040 Grodoudou
85%
#066 Machoc
85%
#067 Machopeur
85%
#068 Mackogneur
85%
#036 Mélodelfe
85%
#035 Mélofée
85%
#147 Minidraco
85%
#030 Nidorina
85%
#042 Nosferalto
85%
#041 Nosferapti
85%
#136 Pyroli
85%
#039 Rondoudou
85%
#027 Sabelette
85%
#028 Sablaireau
85%
#139 Amonistar
77%
#138 Amonita
77%
#057 Colossinge
77%
#056 Férosinge
77%
#078 Galopa
77%
#075 Gravalanch
77%
#076 Grolem
77%
#089 Grotadmorv
77%
#097 Hypnomade
77%
#123 Insécateur
77%
#140 Kabuto
77%
#141 Kabutops
77%
#113 Leveinard
77%
#130 Léviator
77%
#129 Magicarpe
77%
#126 Magmar
77%
#034 Nidoking
77%
#031 Nidoqueen
77%
#029 Nidoran ♀
77%
#032 Nidoran ♂
77%
#033 Nidorino
77%
#095 Onix
77%
#077 Ponyta
77%
#137 Porygon
77%
#142 Ptéra
77%
#074 Racaillou
77%
#146 Sulfura
77%
#135 Voltali
77%
#063 Abra
69%
#049 Aéromite
69%
#065 Alakazam
69%
#091 Crustabri
69%
#094 Ectoplasma
69%
#101 Électrode
69%
#092 Fantominus
69%
#064 Kadabra
69%
#106 Kicklee
69%
#090 Kokiyas
69%
#099 Krabboss
69%
#098 Krabby
69%
#087 Lamantine
69%
#124 Lippoutou
69%
#131 Lokhlass
69%
#132 Métamorph
69%
#048 Mimitoss
69%
#122 M. Mime
69%
#103 Noadkoko
69%
#102 Noeunoeuf
69%
#105 Ossatueur
69%
#104 Osselait
69%
#086 Otaria
69%
#111 Rhinocorne
69%
#112 Rhinoféros
69%
#143 Ronflex
69%
#114 Saquedeneu
69%
#127 Scarabrute
69%
#109 Smogo
69%
#110 Smogogo
69%
#096 Soporifik
69%
#120 Stari
69%
#121 Staross
69%
#088 Tadmorv
69%
#050 Taupiqueur
69%
#128 Tauros
69%
#051 Triopikeur
69%
#107 Tygnon
69%
#055 Akwakwak
62%
#084 Doduo
62%
#108 Excelangue
62%
#080 Flagadoss
62%
#117 Hypocéan
62%
#116 Hypotrempe
62%
#115 Kangourex
62%
#081 Magnéti
62%
#082 Magnéton
62%
#046 Paras
62%
#047 Parasect
62%
#118 Poissirène
62%
#119 Poissoroy
62%
#054 Psykokwak
62%
#060 Ptitard
62%
#079 Ramoloss
62%
#093 Spectrum
62%
#100 Voltorbe
62%
#083 Canarticho
54%
#085 Dodrio
54%
#062 Tartard
54%
#072 Tentacool
54%
#073 Tentacruel
54%
#061 Têtarte
54%
Aucun quiz correspondant
Distribution des résultats
% des personnes avec chaque résultat
Percentile par nombre de réponses
Votre historique - résultats
Vous n’avez pas pris ce quiz